=LDR 00000nam 2200000 4500 =001 INLIS000000000021660 =005 20220818124326 =035 ##$$a 0010-061300000021660 =008 220818################g##########0#ind## =041 ##$$a Ind =082 ##$$a 650.04 =090 ##$$a 650.04, Adi a =100 ##$$a Adisaputro, Gunawan =245 1#$$a Anggaran Perusahaan /$c Gunawan Adisaputro; Marwan Asri =260 ##$$a Yogyakarta :$b BPPE Yogyakarta,$c 1998 =300 ##$$a viii, 325 hlm : $b ilus ; $c 14x21 cm. =850 ##$$a NBPNMAT =020 ##$$a 9795032496 =084 ##$$a 650.04 ADI a =250 ##$$a Ed.3, cet.1 =650 #4$$a manajemen =700 #$$a Marwan Asri =990 ##$$a 1038407 =990 ##$$a 1038408 =990 ##$$a 20703392 =990 ##$$a 93563/BPAP-NTB/2014 =990 ##$$a 01201708627 =990 ##$$a 01201711386 =990 ##$$a 21272127 =990 ##$$a 1038409 =990 ##$$a 1038407 =990 ##$$a 1038408 =990 ##$$a 20703392 =990 ##$$a 93563/BPAP-NTB/2014 =990 ##$$a 01201708627 =990 ##$$a 01201711386